<?xml version="1.0" encoding="utf-8"?>
<?xml-stylesheet type='text/xsl' href='./oai2.xsl'?>
<OAI-PMH xmlns="http://www.openarchives.org/OAI/2.0/" xmlns:xsi="http://www.w3.org/2001/XMLSchema-instance" xsi:schemaLocation="http://www.openarchives.org/OAI/2.0/ http://www.openarchives.org/OAI/2.0/OAI-PMH.xsd">
  <responseDate>2026-04-30T11:09:06Z</responseDate>
  <request verb="GetRecord" metadataPrefix="marcxml" identifier="record_kuniweb_1111240">https://kulturerbe.niedersachsen.de/oai</request>
  <GetRecord>
    <record>
      <header>
        <identifier>record_kuniweb_1111240</identifier>
        <datestamp>2026-03-31T19:09:18Z</datestamp>
        <setSpec>slg0184</setSpec>
      </header>
      <metadata>
        <marc:record xmlns:marc="http://www.loc.gov/MARC21/slim" xsi:schemaLocation="http://www.loc.gov/MARC21/slim http://www.loc.gov/standards/marcxml/schema/MARC21slim.xsd">
          <marc:leader>12345nkm  22     uu 4500</marc:leader>
          <marc:controlfield tag="001">1111240</marc:controlfield>
          <marc:controlfield tag="003">http://kuniweb.gbv.de</marc:controlfield>
          <marc:controlfield tag="005">2021-10-20T16:14:44</marc:controlfield>
          <marc:controlfield tag="008">|           ||||||||||||||||||||||</marc:controlfield>
          <marc:datafield tag="245" ind1="1" ind2="0">
            <marc:subfield code="a">Tafelrunde anlässlich des 200. Jubiläums der Kirchenreformation in Braunschweig 1728</marc:subfield>
          </marc:datafield>
          <marc:datafield tag="720" ind1=" " ind2=" ">
            <marc:subfield code="a">Johann Georg Schmidt</marc:subfield>
          </marc:datafield>
          <marc:datafield tag="655" ind1=" " ind2="7">
            <marc:subfield code="a">Grafik</marc:subfield>
          </marc:datafield>
          <marc:datafield tag="046" ind1=" " ind2=" ">
            <marc:subfield code="k">1694</marc:subfield>
            <marc:subfield code="k">18. Jahrhundert</marc:subfield>
            <marc:subfield code="l">1767</marc:subfield>
          </marc:datafield>
          <marc:datafield tag="260" ind1=" " ind2=" ">
            <marc:subfield code="g">1694</marc:subfield>
            <marc:subfield code="g">1767</marc:subfield>
            <marc:subfield code="g">18. Jahrhundert</marc:subfield>
          </marc:datafield>
          <marc:datafield tag="300" ind1=" " ind2=" ">
            <marc:subfield code="a">Höhe: 18,5 cm
Breite: 45,3 cm</marc:subfield>
          </marc:datafield>
          <marc:datafield tag="520" ind1=" " ind2=" ">
            <marc:subfield code="a">Der Kupferstich von Johann Georg Schmidt (1694-1767) zeigt eine festliche Tafel in der Braunschweiger Residenz anlässlich des 200. Jubiläums der Kirchenreformation in Braunschweig am 5. September 1728. In der Mitte der Tafel sitzt der Generalsuperintendent August Stisser. Er wird von den 16 Predigern der Kirchen in Braunschweig flankiert. Auf der Verso-Seite des Kupferstichs sind die Namen der Geistlichen handschriftlich aufgeführt. Die festliche Tafel ist mit Leuchtern verziert, die auf einer Tischdecke aus Damast stehen. Diener sind damit beschäftigt Speisen aufzutragen. Auf dem Tisch stehen bereits köstliche Speisen wie Geflügel und Pasteten. Im Hintergrund ist ein Schaubuffet mit prunkvollen Gefäßen zu sehen: Verzierte Nautilusschnecken, muschelförmige Schalen, Deckelvasen und Prunkkannen. In der Mitte des Schauschranks ist ein Gemälde mit dem Motiv des Weinwunders bei der Hochzeit zu Kana angebracht. Als Bekrönung darüber hängt die Kartusche mit den Initialen des Herzogs August Wilhelm. Trotz der detaillierten Wiedergabe lässt sich der dargestellte Raum im ehemaligen Braunschweiger Schloss nicht mehr lokalisieren.  (Lars Berg)

Veröffentlicht in:
Gerd Spies, Das Bild einer Stadt im 18. Jahrhundert. Arbeiten der Braunschweiger Kupferstecherfamilie Beck, Braunschweig 1976, S. 178 f., Kat. Nr. 144 a</marc:subfield>
          </marc:datafield>
          <marc:datafield tag="650" ind1="1" ind2=" ">
            <marc:subfield code="a">Grafik, Fotografie &gt; Druckgrafik &gt; Tiefdruck &gt; Kupferstich</marc:subfield>
          </marc:datafield>
          <marc:datafield tag="773" ind1="0" ind2=" ">
            <marc:subfield code="t">Sammlung Grafik</marc:subfield>
          </marc:datafield>
          <marc:datafield tag="852" ind1=" " ind2=" ">
            <marc:subfield code="a">Städtisches Museum Braunschweig</marc:subfield>
          </marc:datafield>
          <marc:datafield tag="" ind1=" " ind2=" ">
            <marc:subfield code="a">Namensnennung - Nicht kommerziell - Keine Bearbeitungen 4.0 International (CC BY-NC-ND 4.0)</marc:subfield>
          </marc:datafield>
        </marc:record>
      </metadata>
    </record>
  </GetRecord>
</OAI-PMH>
